Diccionario de terminología archivística / Comisión de Terminología de la Dirección de Archivos Estatales
Descripción Física:
59 p. ; 20 cm
Otros Autores:
Espanya. Dirección de Archivos Estatales
MARC
| LEADER | 00000nam a2200000Ia 4500 | ||
|---|---|---|---|
| 001 | 10436 | ||
| 008 | 160829s1993 xx 000 0 cat d | ||
| 080 | |a A-2-87 | ||
| 245 | |a Diccionario de terminología archivística / Comisión de Terminología de la Dirección de Archivos Estatales | ||
| 260 | |a Madrid : |b Ministerio de Cultura. Dirección de Archivos Estatales, |c 1993 | ||
| 300 | |a 59 p. ; |c 20 cm | ||
| 490 | |a Normas Técnicas de la Dirección de Archivos Estatales ; 1 | ||
| 650 | |a Arxivística |x Terminologia |9 30894 | ||
| 650 | |a Arxivística |x Diccionaris |x Castellà |9 30895 | ||
| 700 | |a Espanya. Dirección de Archivos Estatales |9 35025 | ||
| 901 | |a Arxiu | ||
| 942 | |n 1 | ||
| 952 | |0 0 |1 0 |4 0 |6 A287 |7 1 |9 45561 |a Arxiu |b Arxiu |d 2016-12-01 |l 0 |o A-2-87 |p 10436 |r 2016-12-01 00:00:00 |w 2016-12-01 |y ARXIU | ||
| 999 | |c 48729 |d 48729 | ||